<?xml version="1.0" encoding="UTF-8"?>
<record
    xmlns:xsi="http://www.w3.org/2001/XMLSchema-instance"
    xsi:schemaLocation="http://www.loc.gov/MARC21/slim http://www.loc.gov/standards/marcxml/schema/MARC21slim.xsd"
    xmlns="http://www.loc.gov/MARC21/slim">

  <leader>01230nam a2200205Ia 4500</leader>
  <controlfield tag="003">Ost</controlfield>
  <controlfield tag="005">20260426125804.0</controlfield>
  <controlfield tag="008">260426s9999||||xx |||||||||||||| ||und||</controlfield>
  <datafield tag="040" ind1=" " ind2=" ">
    <subfield code="c">fsecg</subfield>
  </datafield>
  <datafield tag="041" ind1=" " ind2=" ">
    <subfield code="a">fre</subfield>
  </datafield>
  <datafield tag="100" ind1=" " ind2=" ">
    <subfield code="a">Hadid, Noufeyle</subfield>
    <subfield code="e">Auteur</subfield>
  </datafield>
  <datafield tag="245" ind1=" " ind2="0">
    <subfield code="a">M&#xE9;thodes de conception des syst&#xE8;mes d'information  :</subfield>
    <subfield code="b">les diff&#xE9;rents niveaux de repr&#xE9;sentation des donn&#xE9;es /</subfield>
    <subfield code="c">Noufeyle Hadid</subfield>
  </datafield>
  <datafield tag="260" ind1=" " ind2=" ">
    <subfield code="a">Alger :</subfield>
    <subfield code="b">Universit&#xE9; d'Alger3 Facult&#xE9; des sciences &#xE9;conomiques commerciales et des sciences de gestion,</subfield>
    <subfield code="c">2009</subfield>
  </datafield>
  <datafield tag="300" ind1=" " ind2=" ">
    <subfield code="a">102   feuil,</subfield>
    <subfield code="b">illustration,</subfield>
    <subfield code="c">30 cm</subfield>
  </datafield>
  <datafield tag="504" ind1=" " ind2=" ">
    <subfield code="a">bibliographie feuil 101</subfield>
  </datafield>
  <datafield tag="520" ind1=" " ind2=" ">
    <subfield code="a">la notation de base d'un syst&#xE9;me d'information , les composantes et le role du syst&#xE9;me d'information , les notions de base d'un syst&#xE9;me d'information de l'entreprise , les principales m&#xE9;thodes de conception des syst&#xE9;mes d'nformation de de l'entreprise , la m&#xE9;thode de conception MERISE, les mod&#xE9;les MCD-MLD-MPD, le d&#xE9;veloppement a' l'aide dy logicial ACCESS , le d&#xE9;veloppement a' l'aide du logiciel WINDEV.</subfield>
  </datafield>
  <datafield tag="653" ind1=" " ind2=" ">
    <subfield code="a">systemes d'information</subfield>
  </datafield>
  <datafield tag="710" ind1=" " ind2=" ">
    <subfield code="a">Universit&#xE9; d'Alger3 Facult&#xE9; des sciences &#xE9;conomiques commerciales et des sciences de gestion</subfield>
    <subfield code="e">&#xC9;diteur scientifique</subfield>
  </datafield>
  <datafield tag="942" ind1=" " ind2=" ">
    <subfield code="c">HANDOUT</subfield>
  </datafield>
  <datafield tag="952" ind1=" " ind2=" ">
    <subfield code="0">0</subfield>
    <subfield code="1">0</subfield>
    <subfield code="2">ddc</subfield>
    <subfield code="4">0</subfield>
    <subfield code="7">-1</subfield>
    <subfield code="a">fsecg</subfield>
    <subfield code="b">fsecg</subfield>
    <subfield code="d">2026-04-26</subfield>
    <subfield code="h">deuxi&#xE8;me &#xE9;tage</subfield>
    <subfield code="i">Po.274-1</subfield>
    <subfield code="l">0</subfield>
    <subfield code="o">Po.274 exp1</subfield>
    <subfield code="p">Po.274-1</subfield>
    <subfield code="r">2026-04-26 12:58:04</subfield>
    <subfield code="w">2026-04-26</subfield>
    <subfield code="y">HANDOUT</subfield>
  </datafield>
  <datafield tag="999" ind1=" " ind2=" ">
    <subfield code="c">41483</subfield>
    <subfield code="d">41483</subfield>
  </datafield>
</record>
